[Event "LSS SN-2008-0-00128"]
[Site "LSS email"]
[Date "2009.01.21"]
[Round "?"]
[White "McGuire, Paul"]
[Black "Potocki, Daniel"]
[Result "0-1"]
[WhiteElo "598"]
[BlackElo "1105"]
[PlyCount "76"]
[EventDate "2009.01.12"]
[EventType "tourn (corr)"]
[EventRounds "6"]
[EventCountry "GER"]
[SourceTitle "Corr 2011"]
[Source "ChessBase"]
[SourceDate "2010.08.31"]
[SourceVersion "1"]
[SourceVersionDate "2010.08.31"]
[SourceQuality "1"]

1. d4 Nf6 2. c4 g6 3. Nf3 Bg7 4. Nc3 0-0 5. Bf4 d6 6. e3 Nbd7 7. Bd3 Re8 8. 0-0 e5 9. dxe5 dxe5 10. Bg5 h6 11. Bxf6 Nxf6 12. e4 c6 13. Qc2 Bg4 14. Qe2 Nh5 15. Rfd1 Nf4 16. Qe3 Nxd3 17. Rxd3 Qe7 18. h3 Be6 19. b3 Rad8 20. Rad1 Rxd3 21. Rxd3 Rd8 22. Rxd8+ Qxd8 23. a4 b6 24. Kh2 Kh7 25. Qd2 Qxd2 26. Nxd2 f5 27. f3 Kg8 28. Na2 Kf7 29. Nc3 Ke7 30. g4 fxg4 31. hxg4 Bf6 32. Ne2 Bg5 33. Nf1 b5 34. axb5 cxb5 35. cxb5 Bxb3 36. Nc3 Bc4 37. Ng3 Kd6 38. Kg2 Kc5 0-1

[Event "LSS SN-2008-0-00128"]
[Site "LSS email"]
[Date "2009.01.21"]
[Round "?"]
[White "Ozdemir, Zafer Omer"]
[Black "Potocki, Daniel"]
[Result "0-1"]
[WhiteElo "590"]
[BlackElo "1105"]
[PlyCount "66"]
[EventDate "2009.01.12"]
[EventType "tourn (corr)"]
[EventRounds "6"]
[EventCountry "GER"]
[SourceTitle "Corr 2011"]
[Source "ChessBase"]
[SourceDate "2010.08.31"]
[SourceVersion "1"]
[SourceVersionDate "2010.08.31"]
[SourceQuality "1"]

1. e4 c5 2. Bc4 e6 3. e5 a6 4. Nf3 b5 5. Bd3 Bb7 6. 0-0 c4 7. Be2 Ne7 8. Ng5 h6 9. Nf3 Nbc6 10. d3 cxd3 11. cxd3 Ng6 12. Nc3 Be7 13. Ne4 0-0 14. a3 Rc8 15. Be3 Ncxe5 16. Nxe5 Nxe5 17. Bf4 Ng6 18. Bg3 d5 19. Nc3 Bd6 20. d4 Bxg3 21. fxg3 Ne7 22. Bh5 Nf5 23. Qd3 Rc4 24. Rf4 Qb6 25. Rd1 g5 26. Rg4 Ng7 27. Bxf7+ Rxf7 28. Qg6 b4 29. axb4 Qxb4 30. h3 Qxb2 31. Nb1 Rf2 32. Kh2 Rxg2+ 33. Kh1 Rh2+ 0-1

[Event "LSS SN-2008-0-00128"]
[Site "LSS email"]
[Date "2009.01.21"]
[Round "?"]
[White "Potocki, Daniel"]
[Black "Caudill, Tommy A"]
[Result "1-0"]
[WhiteElo "800"]
[BlackElo "890"]
[PlyCount "81"]
[EventDate "2009.01.12"]
[EventType "tourn (corr)"]
[EventRounds "6"]
[EventCountry "GER"]
[SourceTitle "Corr 2011"]
[Source "ChessBase"]
[SourceDate "2010.08.31"]
[SourceVersion "1"]
[SourceVersionDate "2010.08.31"]
[SourceQuality "1"]

1. e4 c6 2. d4 d5 3. Nc3 Nf6 4. exd5 Nxd5 5. Nxd5 Qxd5 6. c3 Bf5 7. Qb3 Qxb3 8. axb3 e6 9. Nf3 Be7 10. Be2 0-0 11. 0-0 Nd7 12. Bf4 Nf6 13. Ra5 Nd5 14. Bd2 b6 15. Ra2 b5 16. Rfa1 h6 17. h4 Bg4 18. g3 Nc7 19. Rxa7 Bd6 20. Rxa8 Nxa8 21. Kf1 Nc7 22. Nh2 Bh3+ 23. Ke1 Nd5 24. Bg4 Bg2 25. Ra6 Nf6 26. Bf3 Bxf3 27. Nxf3 Rc8 28. Ke2 Ne4 29. Ke3 f5 30. Ne1 e5 31. Nf3 Nxd2 32. Kxd2 e4 33. Ne1 f4 34. g4 f3 35. Nc2 Bf4+ 36. Ke1 e3 37. Nxe3 c5 38. dxc5 Rxc5 39. Re6 Kf7 40. Re4 Be5 41. b4 1-0

[Event "LSS OP-2009-0-00724"]
[Site "LSS email"]
[Date "2009.01.21"]
[Round "?"]
[White "Potocki, Daniel"]
[Black "Yangibayev, Rustam"]
[Result "1-0"]
[WhiteElo "800"]
[BlackElo "504"]
[PlyCount "47"]
[EventDate "2009.01.19"]
[EventType "tourn (corr)"]
[EventRounds "4"]
[EventCountry "GER"]
[SourceTitle "Corr 2011"]
[Source "ChessBase"]
[SourceDate "2010.08.31"]
[SourceVersion "1"]
[SourceVersionDate "2010.08.31"]
[SourceQuality "1"]

1. e4 c6 2. d4 d5 3. Nc3 dxe4 4. Nxe4 Bf5 5. Ng3 Bg6 6. Nf3 h6 7. Ne5 Bh7 8. c3 Nd7 9. Nxf7 Kxf7 10. Qb3+ Ke8 11. Bc4 Nb6 12. Bf7+ Kd7 13. Qe6+ Kc7 14. Bf4+ Qd6 15. Bxd6+ exd6 16. 0-0 Nf6 17. Nh5 Nfd5 18. a4 Ne7 19. Nxg7 Nbc8 20. Ne8+ Kd8 21. Nxd6 Bg8 22. Nxb7+ Kc7 23. Nc5 Bxf7 24. Qd7+ 1-0